<?xml version="1.0" encoding="UTF-8"?>
<record
    xmlns:xsi="http://www.w3.org/2001/XMLSchema-instance"
    xsi:schemaLocation="http://www.loc.gov/MARC21/slim http://www.loc.gov/standards/marcxml/schema/MARC21slim.xsd"
    xmlns="http://www.loc.gov/MARC21/slim">

  <leader>01100nam a2200253Ia 4500</leader>
  <datafield tag="999" ind1=" " ind2=" ">
    <subfield code="c">56121</subfield>
    <subfield code="d">56121</subfield>
  </datafield>
  <controlfield tag="001">23222</controlfield>
  <controlfield tag="003">GE_BSU</controlfield>
  <controlfield tag="005">20251001180316.0</controlfield>
  <controlfield tag="008">181216s1995||||ge |||||||||||||| ||geo||</controlfield>
  <datafield tag="040" ind1=" " ind2=" ">
    <subfield code="c">GE_BSU</subfield>
  </datafield>
  <datafield tag="041" ind1=" " ind2=" ">
    <subfield code="a">geo</subfield>
  </datafield>
  <datafield tag="080" ind1=" " ind2=" ">
    <subfield code="a">94(479.223) &#x10D1;-60</subfield>
  </datafield>
  <datafield tag="100" ind1=" " ind2=" ">
    <subfield code="a">&#x10D1;&#x10D4;&#x10E5;&#x10D8;&#x10E0;&#x10D8;&#x10E8;&#x10D5;&#x10D8;&#x10DA;&#x10D8;, &#x10D8;&#x10DD;&#x10E1;&#x10D4;&#x10D1;</subfield>
    <subfield code="9">25919</subfield>
  </datafield>
  <datafield tag="245" ind1=" " ind2=" ">
    <subfield code="a">&#x10D0;&#x10DB;&#x10D0;&#x10E1; &#x10E8;&#x10D4;&#x10DC;&#x10D6;&#x10D4; &#x10D0;&#x10DB;&#x10D1;&#x10DD;&#x10D1;&#x10D4;&#x10DC;, &#x10D0;&#x10ED;&#x10D0;&#x10E0;&#x10D0;&#x10D5;! :</subfield>
    <subfield code="b">(&#x10D8;&#x10E1;&#x10E2;&#x10DD;&#x10E0;&#x10D8;&#x10E3;&#x10DA;&#x10D8; &#x10DC;&#x10D0;&#x10E0;&#x10D9;&#x10D5;&#x10D4;&#x10D5;&#x10D4;&#x10D1;&#x10D8;) /</subfield>
    <subfield code="c">&#x10D8;&#x10DD;&#x10E1;&#x10D4;&#x10D1; &#x10D1;&#x10D4;&#x10E5;&#x10D8;&#x10E0;&#x10D8;&#x10E8;&#x10D5;&#x10D8;&#x10DA;&#x10D8; ; &#x10E0;&#x10D4;&#x10D3;. : &#x10E1;. &#x10D2;&#x10DD;&#x10D2;&#x10D8;&#x10E2;&#x10D8;&#x10EB;&#x10D4;.</subfield>
  </datafield>
  <datafield tag="264" ind1=" " ind2=" ">
    <subfield code="a">&#x10D1;&#x10D0;&#x10D7;&#x10E3;&#x10DB;&#x10D8; :</subfield>
    <subfield code="b">&#x10DB;&#x10D4;&#x10EA;&#x10DC;&#x10D8;&#x10D4;&#x10E0;&#x10D4;&#x10D1;&#x10D0;,</subfield>
    <subfield code="c">1995.</subfield>
  </datafield>
  <datafield tag="300" ind1=" " ind2=" ">
    <subfield code="a">308 &#x10D2;&#x10D5;. ; </subfield>
    <subfield code="c">20 &#x10E1;&#x10DB;.</subfield>
  </datafield>
  <datafield tag="504" ind1=" " ind2=" ">
    <subfield code="a">&#x10D1;&#x10D8;&#x10D1;&#x10DA;&#x10D8;&#x10DD;&#x10D2;&#x10E0;. : &#x10D2;&#x10D5;. 303</subfield>
  </datafield>
  <datafield tag="541" ind1=" " ind2=" ">
    <subfield code="h">5 &#x10DA;.</subfield>
  </datafield>
  <datafield tag="653" ind1=" " ind2=" ">
    <subfield code="a">&#x10D0;&#x10DB;&#x10D0;&#x10E1; &#x10E8;&#x10D4;&#x10DC;&#x10D6;&#x10D4; &#x10D0;&#x10DB;&#x10D1;&#x10DD;&#x10D1;&#x10D4;&#x10DC;, &#x10D0;&#x10ED;&#x10D0;&#x10E0;&#x10D0;&#x10D5;!</subfield>
  </datafield>
  <datafield tag="653" ind1=" " ind2=" ">
    <subfield code="a">&#x10D0;&#x10ED;&#x10D0;&#x10E0;&#x10D8;&#x10E1; &#x10D8;&#x10E1;&#x10E2;&#x10DD;&#x10E0;&#x10D8;</subfield>
  </datafield>
  <datafield tag="653" ind1=" " ind2=" ">
    <subfield code="a">&#x10D8;&#x10E1;&#x10E2;&#x10DD;&#x10E0;&#x10D8;&#x10E3;&#x10DA;&#x10D8; &#x10DC;&#x10D0;&#x10E0;&#x10D9;&#x10D5;&#x10D4;&#x10D5;&#x10D4;&#x10D1;&#x10D8;</subfield>
  </datafield>
  <datafield tag="700" ind1=" " ind2=" ">
    <subfield code="a">&#x10D2;&#x10DD;&#x10D2;&#x10D8;&#x10E2;&#x10D8;&#x10EB;&#x10D4;, &#x10E1;.</subfield>
    <subfield code="e">&#x10E0;&#x10D4;&#x10D3;&#x10D0;&#x10E5;&#x10E2;&#x10DD;&#x10E0;&#x10D8;</subfield>
    <subfield code="9">17885</subfield>
  </datafield>
  <datafield tag="942" ind1=" " ind2=" ">
    <subfield code="c">BK</subfield>
    <subfield code="2">udc</subfield>
  </datafield>
  <datafield tag="952" ind1=" " ind2=" ">
    <subfield code="0">0</subfield>
    <subfield code="1">0</subfield>
    <subfield code="2">udc</subfield>
    <subfield code="4">0</subfield>
    <subfield code="6">94479223_&#x10D1;60</subfield>
    <subfield code="7">0</subfield>
    <subfield code="9">81819</subfield>
    <subfield code="a">CPL</subfield>
    <subfield code="b">CPL</subfield>
    <subfield code="c">GEN</subfield>
    <subfield code="d">2018-12-17</subfield>
    <subfield code="g">5.00</subfield>
    <subfield code="o">94(479.223) &#x10D1;-60</subfield>
    <subfield code="p">28206</subfield>
    <subfield code="r">2018-12-17</subfield>
    <subfield code="t">28206</subfield>
    <subfield code="w">2018-12-17</subfield>
    <subfield code="y">BK</subfield>
    <subfield code="z">5.00 &#x20BE;.</subfield>
  </datafield>
</record>
